LEADER 01934nam a2200361 u 4500 001 000000006258 003 CaOOAMICUS 005 20070226104844.0 008 940514s1991 be d u000 u eng u 020 $a9061864534 (Leuven University Press) 020 $a9068313126 (Uitgeverij Peeters) 035 $a10160443 040 $aPUL$bita 041 0 $aeng$afre$agrc 100 1 $aNeirynck, Frans,$csac.,$d1927-$0(OLS)http://pul/name/3206 245 10$aEvangelica.$nII,$p1982-1991 :$bcollected essays /$cby Frans Neirynck ; edited by F. van Segbroeck. 260 $aLeuven :$bUniversity Press :$bUitgeverij Peeters,$c1991. 300 $axix, 874 p. :$bdiagr. ;$c25 cm 490 1 $aBibliotheca Ephemeridum theologicarum Lovaniensium ;$v99 500 $a"A first collection of Gospel Studies, which appeared as no. 60 in Bibliotheca Ephemeridum Theologicarum Lovaniensium, was entitled 'Evangelica : Gospel Studies - Édutes d'évangile. Collected essays' (Leuven University Press/Uitgeverij Peeters, 1982)" -- Preface. 500 $aContiene indici. 504 $aComprende indicazioni bibliografiche. 630 04$aBiblia.$pN.T.$pEvangelia$xCritica e interpretazione.$0(OLS)http://pul/subject/2670 700 1 $aSegbroeck, Frans van.$0(OLS)http://pul/name/2461 830 0$aBibliotheca Ephemeridum theologicarum Lovaniensium ;$v99.$0(OLS)http://pul/title/1445 850 $aPUL 852 $aPUL$W1$xSL Religione 1$y3$m17 A 99$j8891$nBK-PRI$b $qStampati$B8891$CPULBib$Z2$F8891 $H $81 941 1 $a8 961 $aINV: 87705 996 $6020$a9061864534 (Leuven University Press)$9(OLS)http://pul/number/8088 996 $6020$a9068313126 (Uitgeverij Peeters)$9(OLS)http://pul/number/8089 996 $6245$aEvangelica.$nII,$p1982-1991 :$bcollected essays$9(OLS)http://pul/title/9224 996 $6260$aLeuven :$bUniversity Press :$bUitgeverij Peeters$9(OLS)http://pul/publisher/49255 LEADER 01190nam a2200289 u 4500 001 000000031393 003 CaOOAMICUS 005 20070226112132.0 008 971002s1969 ne abf u000 u eng u 035 $a10771204 040 $aPUL(R)$bita 100 1 $aNeusner, Jacob,$d1932-$0(OLS)http://pul/name/19439 245 12$aA history of the Jews in Babylonia.$nI,$pThe parthian period /$cby Jacob Neusner .. 246 30$aParthian period 260 $aLeiden :$bE. J. Brill,$c1969. 300 $axxiii, 249 p., [2] c. di tav. :$bc. geogr.(pt. pieg.) ;$c24 cm 490 1 $aStudia post-biblica ;$v9 500 $aContiene indici. 504 $aBibliografia: p. [204]-226. 830 0$aStudia post-biblica ;$v9.$0(OLS)http://pul/title/19155 850 $aPUL 852 $aPUL$W1$xSL Religione 1$y3$m7(1) D 1$j43357$nBK-PRI$b $qStampati$B43357$CPULBib$Z2$F43357 $H $81 941 1 $a8 961 $aINV: 31 144 996 $6245$aA history of the Jews in Babylonia.$nI,$pThe parthian period$9(OLS)http://pul/title/43169 996 $6246$aParthian period$9(OLS)http://pul/title/43170 996 $6260$aLeiden :$bE. J. Brill$9(OLS)http://pul/publisher/48610